000 00802nam a2200253Ia 4500
003 OSt
005 20220928133028.0
006 a|||||r|||| 00| 0
007 ta
008 220927b |||||||| |||| 00| 0 eng d
020 _c2000
024 _a106282
037 _b539, 17/02/2010, Bharatiya Sahitya Bhavana
_cTextual
040 _aSDCL
_cSDCL
_beng
041 _2eng
_aeng
082 _aR:(A), P9.14-4
100 _aRay Bharati Ed.
245 0 _aHistory of science, philosophy and culture in Indian civilization.
260 _aDelhi
_bPearson Longman
_c2009
490 _vV14 Part4,Different types of history.xviii,424p
650 _aHistory
942 _hR:(A), P9.14-4
_cTEXL
_2CC
999 _c797391
_d797391